Bologna FC Squad 2017-2018 - Statistics

General Stats
  • This quiz has been taken 13 times
  • The average score is 22 of 33
Answer Stats
# Position Nation Player % Correct
5 MF Chile Erick Pulgar
100%
24 FW Argentina Rodrigo Palacio
100%
25 DF Morocco Adam Masina
90%
2 MF Hungary Ádám Nagy
90%
1 GK Brazil Angelo da Costa
90%
15 DF Senegal Ibrahima Mbaye
90%
11 FW Czech Republic Ladislav Krejčí
90%
8 FW Italy Riccardo Orsolini
90%
8 MF Algeria Saphir Taïder
90%
6 DF France Sebastien De Maio
90%
83 GK Italy Antonio Mirante
80%
7 MF Switzerland Blerim Džemaili
80%
77 MF Ghana Godfred Donsah
80%
- Coach Italy Roberto Donadoni
80%
9 FW Italy Simone Verdi
80%
4 DF Sweden Emil Krafth
70%
18 DF Sweden Filip Helander
70%
17 MF Colombia Juan Manuel Valencia
70%
10 FW Italy Mattia Destro
70%
30 FW Nigeria Orji Okwonkwo
70%
35 DF Greece Vasilios Torosidis
70%
20 DF Italy Domenico Maietta
60%
3 DF Costa Rica Giancarlo González
60%
16 MF Italy Andrea Poli
50%
29 GK Italy Antonio Santurro
50%
7 FW Croatia Bruno Petković
50%
14 FW Italy Federico Di Francesco
50%
34 GK Italy Federico Ravaglia
50%
21 MF Uruguay César Falletti
40%
19 FW Uruguay Felipe Avenatti
30%
12 MF Italy Lorenzo Crisetig
30%
33 DF Mali Cheick Keita
20%
26 DF Italy Simone Romagnoli
10%
No matching quizzes found
Score Distribution
Percent of People with Each Score
Percentile by Number Answered
Your Score History
You have not taken this quiz